000 00338nam a2200133Ia 4500
008 100328s9999 xx 000 0 und d
082 _b2650
100 _aRackham Holt
245 _aGeorge Washington Carver
260 _bOverseas Editions
630 _aGeorge Washington Carver
730 _aGeorge Washington Carver
942 _cBOOK
999 _c498856
_d498853